| 000 | 01090pam a2200289 a 4500 | ||
|---|---|---|---|
| 001 | 1199646 | ||
| 003 | OSt | ||
| 005 | 20160509110033.0 | ||
| 008 | 980910s1999 nyua 001 0 eng | ||
| 010 | _a 98037635 | ||
| 020 | _a0471108766 (alk. paper) | ||
| 040 |
_aDLC _cDLC _dDLC |
||
| 050 | 0 | 0 |
_aQA303 _b.A62 1999 |
| 082 | 0 | 0 |
_a515 _221 |
| 245 | 0 | 0 |
_aApplied calculus / _cDeborah Hughes-Hallett ... [et al.], with the assistance of Otto K. Brescher, Eric Connally, Richard D. Porter. |
| 250 | _a1st ed. | ||
| 260 |
_aNew York : _bWiley, _cc1999. |
||
| 300 |
_axvii, 483 p. : _bill. (some col.) ; _c27 cm. |
||
| 500 | _aIncludes index. | ||
| 650 | 0 | _aCalculus. | |
| 700 | 2 | _aHughes-Hallett, Deborah. | |
| 856 | 4 |
_3Table of Contents _uhttp://www.loc.gov/catdir/toc/onix01/98037635.html |
|
| 856 | 4 | 2 |
_3Publisher description _uhttp://www.loc.gov/catdir/enhancements/fy0706/98037635-d.html |
| 906 |
_a7 _bcbc _corignew _d1 _eocip _f19 _gy-gencatlg |
||
| 942 |
_2lcc _cGEN |
||
| 999 |
_c13467 _d13467 |
||